000 00466nam a2200181Ia 4500
005 20250508161616.0
008 008 250505s9999 xx 000 0 hin d
037 _aTextual
040 _aFEDL
_beng
_cFEDL
041 _ahin
_2hin
084 _aFh, TIW
_qFEDL
100 _aTiwari Ram Chandra
245 0 _aPani bola
260 _aDelhi, India
_bAtma Ram and Sons
_c1952
300 _a108p.
942 _cTEXL
_hFh, TIW
999 _c1371094
_d1371094